| 000 | 00467nam a2200181Ia 4500 | ||
|---|---|---|---|
| 008 | 100921s9999 xx 000 0 und d | ||
| 082 |
_b22141 _a891.463 थ 46 |
||
| 100 | _aदर्भ. | ||
| 245 | _aदर्भकथा. | ||
| 260 |
_b--- _c1946 |
||
| 300 |
_a112 _b--- |
||
| 365 | _b0.5 | ||
| 520 | _aललित-कथा. | ||
| 630 | _aदर्भकथा. | ||
| 650 | _aललित-कथा. | ||
| 730 | _aदर्भकथा. | ||
| 942 | _cBOOK | ||
| 999 |
_c771254 _d771251 |
||